• 首页
  • 本馆介绍
  • 公告通知
  • 最新文献
  • 馆藏检索
  • 电子资源
  • 读者导购
  • 参考咨询
  • 我的图书馆
  • 登录
  • 详细信息显示
  • 放入我的书架
  • 预约/预借图书
  • 作者相关作品
  • 分类相关作品
  • 丛书相关作品
  • 出版社相关作品

书目信息

  • 表格格式
  • 工作单格式
  • 卡片格式
题名:
对外汉语阅读研究
    
 
作者: 周小兵 , 宋永波 主编
分册:  
出版信息: 北京   北京大学出版社  2005
页数: 318页
开本: 21cm
丛书名: 中山大学国际交流学院学术书系
单 册:
中图分类: H195.5
科图分类:
主题词: 汉语--阅读教学--对外汉语教学--研究 , 汉语 , 阅读教学
电子资源:
ISBN: 7-301-08684-9
000 01030oam2 2200301 450
001 012007354322
005 20070522142013.84
010    @a7-301-08684-9@dCNY19.00
100    @a20070515d2005 km y0chiy0120 ea
101 0  @achi
102    @aCN@b110000
105    @ay z 000yy
106    @ar
200 1  @a对外汉语阅读研究@Adui wai han yu yue du yan jiu@f周小兵,宋永波主编@Fzhou xiao bing,song yong bo zhu bian
205    @a第1版
210    @a北京@c北京大学出版社@d2005
215    @a318页@d21cm
225 2  @a中山大学国际交流学院学术书系@v1
330    @a本论文集包括《汉语学习者阅读过程中理解监控行为考察》、《汉语阅读中的伴随性词汇学习再探》、《影响留学生阅读因素的考察》、《阅读课与词汇教学》等。
461  0 @12001 @a中山大学国际交流学院学术书系
606 0  @a汉语@x阅读教学@x对外汉语教学@x研究
606 0  @a汉语
606 0  @a阅读教学
690    @aH195.5@v4
701  0 @a周小兵@Azhou xiao bing@c(教师)@4主编
701  0 @a宋永波@Asong yong bo@4主编
801  0 @aCN@bRULIN@c20070522
905    @dH195.5@e239@s8
    
    对外汉语阅读研究/周小兵,宋永波主编.-第1版.-北京:北京大学出版社,2005
    318页;21cm.-(中山大学国际交流学院学术书系;1)
    
    
    ISBN 7-301-08684-9:CNY19.00
    本论文集包括《汉语学习者阅读过程中理解监控行为考察》、《汉语阅读中的伴随性词汇学习再探》、《影响留学生阅读因素的考察》、《阅读课与词汇教学》等。
●
相关链接 在E读中查询图书 在五车中查询图书 在当当中查询图书 在豆瓣中查询图书


正题名:对外汉语阅读研究     索取号:H195.5/239         预约/预借

序号 登录号 条形码 馆藏地/架位号 状态 备注
1 0575663   205756635   第二样本阅览室/ [索取号:H195.5/239] 在馆    
2 0575664   205756644   第四借阅区/ [索取号:H195.5/239] 在馆    
3 0575665   205756653   第四借阅区/ [索取号:H195.5/239] 在馆    
4 0575666   205756662   第四借阅区/ [索取号:H195.5/239] 在馆    
5 0575667   205756671   第四借阅区/ [索取号:H195.5/239] 在馆    
6 0575668   205756680   第四借阅区/ [索取号:H195.5/239] 在馆    
7 0575669   205756699   第四借阅区/ [索取号:H195.5/239] 在馆    
8 0575670   205756706   第四借阅区/ [索取号:H195.5/239] 在馆    
唐山师范学院图书馆 欢迎您!
大连网信软件有限公司© 版权所有